Introduction to economics (XI)/ (Record no. 11959)

MARC details
000 -LEADER
fixed length control field 00589nam a22002177a 4500
005 - DATE AND TIME OF LATEST TRANSACTION
control field 20240918082010.0
008 - FIXED-LENGTH DATA ELEMENTS--GENERAL INFORMATION
fixed length control field 240918b |||||||| |||| 00| 0 eng d
020 ## - INTERNATIONAL STANDARD BOOK NUMBER
International Standard Book Number 9788176800327
040 ## - CATALOGING SOURCE
Original cataloging agency IN-DiNC
Transcribing agency IN-DiNC
041 ## - LANGUAGE CODE
Language code of sung or spoken text English
082 ## - DEWEY DECIMAL CLASSIFICATION NUMBER
Classification number 330
Item number GOE
100 ## - MAIN ENTRY--PERSONAL NAME
Personal name Goel, JP
Relator term Author
245 ## - TITLE STATEMENT
Title Introduction to economics (XI)/
Statement of responsibility, etc. by JP Goel and H Goswami
250 ## - EDITION STATEMENT
Edition statement 6th ed.
260 ## - PUBLICATION, DISTRIBUTION, ETC.
Place of publication, distribution, etc. Dibrugarh:
Name of publisher, distributor, etc. Tushar publishing house,
Date of publication, distribution, etc. 2024.
300 ## - PHYSICAL DESCRIPTION
Extent 548p.
650 ## - SUBJECT ADDED ENTRY--TOPICAL TERM
Topical term or geographic name entry element Microeconomics
650 ## - SUBJECT ADDED ENTRY--TOPICAL TERM
Topical term or geographic name entry element Statistics for economics
700 ## - ADDED ENTRY--PERSONAL NAME
Personal name Goswami, H
Relator term Author
942 ## - ADDED ENTRY ELEMENTS (KOHA)
Source of classification or shelving scheme Dewey Decimal Classification
Koha item type Books
Holdings
Withdrawn status Lost status Source of classification or shelving scheme Damaged status Not for loan Collection code Home library Current library Shelving location Date acquired Cost, normal purchase price Total Checkouts Full call number Barcode Date due Date last seen Date last checked out Copy number Price effective from Koha item type
    Dewey Decimal Classification     Economics Central Library, Naharkatiya College Central Library, Naharkatiya College General Stacks 18/09/2024 595.00 5 330 GOE 30305 13/05/2026 31/03/2026 31/03/2026 1 18/09/2024 Books
    Dewey Decimal Classification     Economics Central Library, Naharkatiya College Central Library, Naharkatiya College General Stacks 18/09/2024 595.00 4 330 GOE 30306   14/03/2026 05/03/2026 2 18/09/2024 Books

Naharkatiya College © 2020. All rights reserved.

Powered By